[Event "SVK-chT2D 1718"]
[Site "Slovakia"]
[Date "2017.11.26"]
[Round "4.5"]
[White "Borovsky, Adam"]
[Black "Cehelsky, Cyril"]
[Result "1-0"]
[WhiteElo "1955"]
[BlackElo "1850"]
[PlyCount "79"]
[EventDate "2017.10.28"]
[EventType "team-tourn"]
[EventRounds "11"]
[EventCountry "SVK"]
[SourceTitle "EXT 2019"]
[Source "ChessBase"]
[SourceDate "2018.10.10"]
[SourceVersion "1"]
[SourceVersionDate "2018.10.10"]
[SourceQuality "1"]
[WhiteTeam "Kosice Slavia TU IV"]
[BlackTeam "Humenne Reinter"]
[WhiteTeamCountry "SVK"]
[BlackTeamCountry "SVK"]

1. d4 d5 2. Nf3 Nf6 3. e3 g6 4. Bd3 Bg7 5. Nbd2 Nbd7 6. b3 0-0 7. Bb2 Re8 8. Qe2 c6 9. h3 Qc7 10. g4 c5 11. Ne5 Ne4 12. Nxd7 Bxd7 13. Nxe4 dxe4 14. Bxe4 cxd4 15. exd4 Bc6 16. Qf3 Qa5+ 17. c3 Rad8 18. Bxc6 bxc6 19. 0-0 Rd6 20. Rfe1 h5 21. a4 hxg4 22. hxg4 Rf6 23. Qe3 Qd5 24. c4 Qd7 25. f3 Qc7 26. Kg2 Rf4 27. Rad1 g5 28. Bc1 e5 29. Qc3 e4 30. Bxf4 Qxf4 31. Qe3 exf3+ 32. Qxf3 Rxe1 33. Rxe1 Qd2+ 34. Qf2 Qd3 35. Re3 Qg6 36. Re8+ Kh7 37. d5 cxd5 38. cxd5 f5 39. Qxf5 Qxf5 40. gxf5 1-0

[Event "SVK-chT2D 1718"]
[Site "Slovakia"]
[Date "2017.11.25"]
[Round "3.6"]
[White "Husek, Zdenek"]
[Black "Cehelsky, Cyril"]
[Result "1-0"]
[WhiteElo "1878"]
[BlackElo "1850"]
[PlyCount "141"]
[EventDate "2017.10.28"]
[EventType "team-tourn"]
[EventRounds "11"]
[EventCountry "SVK"]
[SourceTitle "EXT 2019"]
[Source "ChessBase"]
[SourceDate "2018.10.10"]
[SourceVersion "1"]
[SourceVersionDate "2018.10.10"]
[SourceQuality "1"]
[WhiteTeam "Kosice Slavia UPJS III"]
[BlackTeam "Humenne Reinter"]
[WhiteTeamCountry "SVK"]
[BlackTeamCountry "SVK"]

1. d4 d5 2. c4 c6 3. Nf3 Nf6 4. Nc3 a6 5. cxd5 cxd5 6. g3 g6 7. Bg2 Bg7 8. Ne5 0-0 9. 0-0 Nc6 10. Bg5 Be6 11. Nxc6 bxc6 12. Na4 Nd7 13. Rc1 h6 14. Bf4 g5 15. Be3 Rc8 16. b3 Bf5 17. Qd2 Bg6 18. Rc3 e5 19. dxe5 Bxe5 20. Bd4 Qf6 21. Rd1 Bxd4 22. Qxd4 Qxd4 23. Rxd4 Rfe8 24. e3 f5 25. Nc5 Nxc5 26. Rxc5 Kf8 27. Ra4 f4 28. gxf4 gxf4 29. Rxf4+ Ke7 30. Ra5 Ra8 31. Rg4 Kf6 32. Raa4 Bf5 33. Rg3 Be4 34. Bxe4 Rxe4 35. Rxe4 dxe4 36. Rg4 Re8 37. Rf4+ Ke5 38. Rh4 Re6 39. Rh5+ Kd6 40. Ra5 Rg6+ 41. Kf1 Rg4 42. Rxa6 Rh4 43. Ra4 Rxh2 44. Rxe4 Rh1+ 45. Kg2 Ra1 46. Rh4 Rxa2 47. Rxh6+ Kd5 48. Kf3 Rb2 49. Rh5+ Kd6 50. e4 Rxb3+ 51. Kf4 Rb2 52. f3 Re2 53. Ra5 c5 54. Ra6+ Kd7 55. Ra3 Ke6 56. Re3 Rd2 57. e5 Kd7 58. Kf5 c4 59. Ke4 Ke6 60. f4 Rd1 61. f5+ Ke7 62. Rh3 Re1+ 63. Kd4 Rf1 64. Rh7+ Ke8 65. f6 Rf4+ 66. Kd5 Kd8 67. Ke6 c3 68. f7 c2 69. Rh1 c1Q 70. Rxc1 Rf6+ 71. Kxf6 1-0

[Event "SVK-ch Seniors-A"]
[Site "Tatranske Matliare"]
[Date "2016.06.06"]
[Round "3"]
[White "Mrva, Vladimir"]
[Black "Cehelsky, Cyril"]
[Result "1-0"]
[WhiteElo "2097"]
[BlackElo "1869"]
[PlyCount "119"]
[EventDate "2016.06.05"]
[EventType "swiss"]
[EventRounds "9"]
[EventCountry "SVK"]
[SourceTitle "EXT 2023"]
[Source "ChessBase"]
[SourceDate "2022.10.05"]
[SourceVersion "1"]
[SourceVersionDate "2022.10.05"]
[SourceQuality "1"]

1. e4 c5 2. Nf3 d6 3. Bb5+ Bd7 4. Bxd7+ Qxd7 5. c4 Nc6 6. d4 cxd4 7. Nxd4 Nf6 8. Nc3 g6 9. f3 Bg7 10. Be3 0-0 11. 0-0 Rfe8 12. Qd2 Rac8 13. b3 Qc7 14. Rac1 Qa5 15. Rfd1 h5 16. Qf2 Nd7 17. Nde2 Nf6 18. Kh1 Kh7 19. Bd2 Qc5 20. Qe1 Ne5 21. Nf4 Qc6 22. Be3 b6 23. Nh3 Kg8 24. Ng5 Nh7 25. Nxh7 Kxh7 26. h3 Nd7 27. Nd5 Nc5 28. Qh4 Qd7 29. Bg5 f6 30. Be3 Kg8 31. Qg3 g5 32. e5 Qe6 33. exf6 exf6 34. Bd4 Nd7 35. Re1 Ne5 36. f4 gxf4 37. Nxf4 Qf5 38. Rf1 Qg5 39. Qxg5 fxg5 40. Nxh5 Re6 41. Nxg7 Kxg7 42. Rcd1 Kg6 43. Rd2 Rc7 44. Kg1 Rh7 45. Rf8 Rf7 46. Rxf7 Nxf7 47. Kf2 Nh6 48. Re2 Rxe2+ 49. Kxe2 Kf5 50. Kf3 Nf7 51. Bg7 Kg6 52. Bb2 Kf5 53. g3 Nd8 54. Ba3 Nf7 55. Bb2 Nd8 56. h4 g4+ 57. Ke3 Nf7 58. Kd4 Ne5 59. Kd5 Nf7 60. Ba3 1-0

[Event "SVK-chT2D 1516"]
[Site "Slovakia"]
[Date "2016.03.13"]
[Round "11.5"]
[White "Paluch, Ladislav"]
[Black "Cehelsky, Cyril"]
[Result "1/2-1/2"]
[WhiteElo "1985"]
[BlackElo "1880"]
[PlyCount "32"]
[EventDate "2015.10.17"]
[EventType "team-tourn"]
[EventRounds "11"]
[EventCountry "SVK"]
[SourceTitle "EXT 2017"]
[Source "ChessBase"]
[SourceDate "2016.10.25"]
[SourceVersion "1"]
[SourceVersionDate "2016.10.25"]
[SourceQuality "1"]
[WhiteTeam "Velke Kapusany"]
[BlackTeam "Presov Tatran"]
[WhiteTeamCountry "SVK"]
[BlackTeamCountry "SVK"]

1. d4 Nf6 2. c4 c5 3. d5 e6 4. Nc3 exd5 5. Nxd5 Nxd5 6. Qxd5 d6 7. Nf3 Nc6 8. Bd2 Be6 9. Qd3 Ne5 10. Nxe5 dxe5 11. Qb3 Qc7 12. e4 Be7 13. Qg3 Bf6 14. Be2 Rd8 15. Bc3 g6 16. 0-0 0-0 1/2-1/2

[Event "SVK-chT2D 1516"]
[Site "Slovakia"]
[Date "2016.02.14"]
[Round "9.5"]
[White "Cehelsky, Cyril"]
[Black "Krajnik, Richard"]
[Result "1-0"]
[WhiteElo "1880"]
[BlackElo "1711"]
[PlyCount "205"]
[EventDate "2015.10.17"]
[EventType "team-tourn"]
[EventRounds "11"]
[EventCountry "SVK"]
[SourceTitle "EXT 2017"]
[Source "ChessBase"]
[SourceDate "2016.10.25"]
[SourceVersion "1"]
[SourceVersionDate "2016.10.25"]
[SourceQuality "1"]
[WhiteTeam "Presov Tatran"]
[BlackTeam "Kosice Slavia UPJS III"]
[WhiteTeamCountry "SVK"]
[BlackTeamCountry "SVK"]

1. e4 e6 2. d4 c5 3. Nf3 Qc7 4. Nc3 a6 5. a4 Nc6 6. Be2 cxd4 7. Nxd4 Nf6 8. Be3 Bb4 9. f3 0-0 10. 0-0 d6 11. Rb1 Bd7 12. Nb3 Rac8 13. Na2 Ba5 14. Nxa5 Nxa5 15. Nc3 Nc4 16. Bxc4 Qxc4 17. Qd4 h6 18. Rfd1 Ne8 19. Rd2 Qc7 20. Qb4 Bc6 21. Rbd1 f5 22. Bb6 Qf7 23. Qd4 e5 24. Qe3 f4 25. Qd3 Qe6 26. b4 g5 27. b5 axb5 28. axb5 Bd7 29. Nd5 Rf7 30. Nb4 Qc4 31. Qxc4 Rxc4 32. Rb1 Bxb5 33. Nd5 h5 34. Rxb5 g4 35. Bf2 Rg7 36. Kf1 g3 37. Bg1 h4 38. h3 Ra4 39. Rb1 Rc4 40. Ke2 Rc6 41. Kd3 Rd7 42. Rb6 Rc8 43. c4 Kf7 44. Rdb2 Rb8 45. c5 dxc5 46. Bxc5 Kg7 47. Ke2 Kf7 48. Rh6 Kg7 49. Re6 Nc7 50. Re7+ Rxe7 51. Nxe7 Ne6 52. Nf5+ Kf6 53. Be7+ Kf7 54. Bd6 Ra8 55. Bxe5 Nd8 56. Bxf4 Ra1 57. Ne3 Ke6 58. Bg5 Kd7 59. Bxh4 Ne6 60. Bxg3 Kc6 61. Kd3 Nc5+ 62. Kd2 b5 63. Bf2 Ra3 64. Nd5 Nb3+ 65. Ke3 Nc5+ 66. Ke2 Nb3 67. Be3 Na5 68. Ne7+ Kd7 69. Bc5 Ra1 70. Rxb5 Nc4 71. Kd3 Ne5+ 72. Kd4 Nf7 73. Nd5 Rd1+ 74. Ke3 Ne5 75. Kf4 Nd3+ 76. Kf5 Kc6 77. Nc3 Rd2 78. g4 Nxc5 79. Rb1 Rd3 80. Rc1 Rxf3+ 81. Kg6 Kd7 82. h4 Ke6 83. Ne2 Rf6+ 84. Kh5 Nxe4 85. Rc6+ Nd6 86. Ng3 Kd5 87. Ra6 Rf3 88. Ra5+ Ke6 89. Ne2 Ke7 90. Ra7+ Kf8 91. Nd4 Rf6 92. g5 Rf1 93. g6 Ne8 94. Ra8 Ke7 95. Kg5 Rg1+ 96. Kh6 Rg4 97. Ra7+ Kf6 98. Rf7+ Ke5 99. Nf3+ Kd6 100. h5 Ke6 101. Ng5+ Ke5 102. Re7+ Kf6 103. Rxe8 1-0

[Event "SVK-chT2D 1516"]
[Site "Slovakia"]
[Date "2016.02.13"]
[Round "8.5"]
[White "Nadzamova, Sofia"]
[Black "Cehelsky, Cyril"]
[Result "1/2-1/2"]
[WhiteElo "1808"]
[BlackElo "1880"]
[PlyCount "69"]
[EventDate "2015.10.17"]
[EventType "team-tourn"]
[EventRounds "11"]
[EventCountry "SVK"]
[SourceTitle "EXT 2017"]
[Source "ChessBase"]
[SourceDate "2016.10.25"]
[SourceVersion "1"]
[SourceVersionDate "2016.10.25"]
[SourceQuality "1"]
[WhiteTeam "Kosice Slavia IV"]
[BlackTeam "Presov Tatran"]
[WhiteTeamCountry "SVK"]
[BlackTeamCountry "SVK"]

1. e4 c5 2. c3 d5 3. exd5 Qxd5 4. d4 e6 5. Nf3 Nf6 6. Be2 Be7 7. 0-0 0-0 8. h3 Nc6 9. Be3 cxd4 10. cxd4 b6 11. Nc3 Qd8 12. Rc1 Bb7 13. a3 Rc8 14. Qd3 Nd5 15. Nxd5 Qxd5 16. Qb5 Qxb5 17. Bxb5 Bf6 18. Rfd1 Rfd8 19. Bxc6 Bxc6 20. Ne5 Bxe5 21. dxe5 Rxd1+ 22. Rxd1 Bd5 23. Rc1 Rxc1+ 24. Bxc1 Kf8 25. Bd2 h5 26. Bg5 Ke8 27. Kf1 Kd7 28. g3 Bf3 29. Ke1 Kc6 30. Kd2 Kd5 31. Bf4 Kd4 32. h4 Bg4 33. Kc2 Bf3 34. Kd2 Bg4 35. Kc2 1/2-1/2

[Event "SVK-chT2D 1516"]
[Site "Slovakia"]
[Date "2015.10.17"]
[Round "1.5"]
[White "Cehelsky, Cyril"]
[Black "Timko, Milan"]
[Result "1/2-1/2"]
[WhiteElo "1880"]
[BlackElo "2003"]
[PlyCount "119"]
[EventDate "2015.10.17"]
[EventType "team-tourn"]
[EventRounds "11"]
[EventCountry "SVK"]
[SourceTitle "CBM 169 Extra"]
[Source "ChessBase"]
[SourceDate "2015.12.18"]
[SourceVersion "1"]
[SourceVersionDate "2015.12.18"]
[SourceQuality "1"]
[WhiteTeam "Presov Tatran"]
[BlackTeam "Kosice 1 CC"]
[WhiteTeamCountry "SVK"]
[BlackTeamCountry "SVK"]

1. e4 Nc6 2. Nf3 f5 3. e5 d6 4. Qe2 dxe5 5. Nxe5 Nxe5 6. Qxe5 Nf6 7. Bc4 e6 8. Nc3 Bd6 9. Qe2 0-0 10. d3 Kh8 11. Bg5 a6 12. 0-0-0 b5 13. Bb3 Bd7 14. Rde1 b4 15. Nd1 h6 16. Bd2 Re8 17. Ne3 a5 18. Bc4 Bc6 19. f3 a4 20. b3 Bd5 21. Kb1 Qb8 22. Bc1 Qa7 23. Nd1 axb3 24. cxb3 Be5 25. Qf2 Bd4 26. Be3 c5 27. Re2 Bxc4 28. dxc4 e5 29. Qh4 e4 30. Qf2 f4 31. Bxd4 cxd4 32. fxe4 Nxe4 33. Qf3 d3 34. Qxd3 Rad8 35. Qc2 Rxd1+ 36. Rxd1 Nc3+ 37. Qxc3 bxc3 38. Rxe8+ Kh7 39. Re2 Qf7 40. Rd3 Qf5 41. Kc2 Qh5 42. Rf3 Qxh2 43. Kxc3 g5 44. Ref2 Qg1 45. Kb4 Qe1+ 46. Kb5 Qe8+ 47. Kb4 Qe1+ 48. Ka3 Qa5+ 49. Kb2 Qe5+ 50. Kc2 Qe4+ 51. Kc3 Qe1+ 52. Kd3 Kg6 53. c5 Kf5 54. Kc4 Ke5 55. b4 Qe4+ 56. Kb5 Qb7+ 57. Kc4 Qd5+ 58. Kb5 Qb7+ 59. Kc4 Qd5+ 60. Kb5 1/2-1/2

[Event "SVK-chT2D 1314"]
[Site "Slovakia"]
[Date "2014.02.23"]
[Round "9.2"]
[White "Novotny, Adam"]
[Black "Cehelsky, Cyril"]
[Result "1-0"]
[WhiteElo "1993"]
[BlackElo "1950"]
[PlyCount "159"]
[EventDate "2013.10.19"]
[EventType "team-tourn"]
[EventRounds "11"]
[EventCountry "SVK"]
[SourceTitle "EXT 2015"]
[Source "ChessBase"]
[SourceDate "2014.11.20"]
[SourceVersion "1"]
[SourceVersionDate "2014.11.20"]
[SourceQuality "1"]
[WhiteTeam "Presov Slavia PU"]
[BlackTeam "Humenne II"]
[WhiteTeamCountry "SVK"]
[BlackTeamCountry "SVK"]

1. e4 c5 2. Nf3 Nc6 3. d4 cxd4 4. Nxd4 g6 5. c4 Bg7 6. Be3 d6 7. Nc3 Nf6 8. Be2 0-0 9. 0-0 Bd7 10. Qd2 Ng4 11. Bxg4 Bxg4 12. Rac1 a6 13. b3 Rc8 14. f3 Bd7 15. Rfd1 Nxd4 16. Bxd4 Bc6 17. a4 Re8 18. Kh1 Qa5 19. Qb2 Bh6 20. Rc2 Qh5 21. b4 Bf4 22. Bg1 Be5 23. Qb3 Bd7 24. Ne2 g5 25. Rf1 Qh6 26. a5 Rf8 27. g3 Bh3 28. Rfc1 Bd7 29. Bd4 Qg7 30. Qe3 f5 31. Bxe5 dxe5 32. Rd2 Bc6 33. Nc3 fxe4 34. fxe4 g4 35. b5 Rf3 36. Qe2 axb5 37. cxb5 Be8 38. Rdc2 Qf8 39. Nd5 Rxc2 40. Rxc2 e6 41. Nc7 Bd7 42. Kg2 Qb4 43. a6 bxa6 44. bxa6 Qa5 45. Qd2 Qxd2+ 46. Rxd2 Bc6 47. Rd8+ Kf7 48. a7 Bxe4 49. a8Q Bxa8 50. Nxa8 Ra3 51. h4 h5 52. Nb6 Ra2+ 53. Kf1 Ra3 54. Kf2 Ra2+ 55. Ke3 Ra3+ 56. Rd3 Ra1 57. Ke4 Rb1 58. Nd7 Ke7 59. Nxe5 Rb4+ 60. Rd4 Rb3 61. Rd7+ Ke8 62. Rh7 Rxg3 63. Rxh5 Ra3 64. Nxg4 Ra4+ 65. Kf3 Ra3+ 66. Kf4 Kf7 67. Ne5+ Kg7 68. Rg5+ Kh7 69. Rg6 Rh3 70. Kg5 Rg3+ 71. Kf6 Re3 72. h5 Re1 73. Kxe6 Rh1 74. Kf7 Rf1+ 75. Ke6 Rh1 76. Kf6 Rf1+ 77. Ke7 Rh1 78. Kf8 Rf1+ 79. Nf7 Rg1 80. Rh6# 1-0

[Event "SVK-chT2D 1314"]
[Site "Slovakia"]
[Date "2014.01.12"]
[Round "6.3"]
[White "Najgebauer, Szemjon"]
[Black "Cehelsky, Cyril"]
[Result "1-0"]
[WhiteElo "2214"]
[BlackElo "1950"]
[PlyCount "85"]
[EventDate "2013.10.19"]
[EventType "team-tourn"]
[EventRounds "11"]
[EventCountry "SVK"]
[SourceTitle "EXT 2015"]
[Source "ChessBase"]
[SourceDate "2014.11.20"]
[SourceVersion "1"]
[SourceVersionDate "2014.11.20"]
[SourceQuality "1"]
[WhiteTeam "Kosice Slavia UPJS III"]
[BlackTeam "Humenne II"]
[WhiteTeamCountry "SVK"]
[BlackTeamCountry "SVK"]

1. Nf3 d5 2. d4 Nf6 3. c4 c6 4. e3 a6 5. Qc2 Nbd7 6. Bd3 e6 7. 0-0 Bd6 8. Nc3 0-0 9. c5 Bc7 10. e4 dxe4 11. Nxe4 Nxe4 12. Bxe4 h6 13. Re1 Nf6 14. Bd3 Nd5 15. Bd2 Qf6 16. Ne5 Rd8 17. g3 Bd7 18. Re4 Be8 19. Rae1 b6 20. Rh4 Bxe5 21. dxe5 Qe7 22. cxb6 c5 23. Bh7+ Kf8 24. Rxh6 Nb4 25. Bxb4 cxb4 26. Rh4 Rac8 27. Qb3 g6 28. Qe3 g5 29. Bb1 Bc6 30. Rh5 Ke8 31. Rxg5 Kd7 32. Rd1+ Bd5 33. Bd3 Qc5 34. Bxa6 Rc6 35. Qf4 Rf8 36. Rg7 Ke8 37. b7 Qb6 38. Rxd5 exd5 39. e6 Rc7 40. Bb5+ Kd8 41. b8Q+ Qxb8 42. Qd6+ Kc8 43. Ba6+ 1-0

[Event "SVK-chT2D 1314"]
[Site "Slovakia"]
[Date "2013.11.23"]
[Round "3.3"]
[White "Cehelsky, Cyril"]
[Black "Sepesi, Samuel"]
[Result "0-1"]
[WhiteElo "1950"]
[BlackElo "1978"]
[PlyCount "130"]
[EventDate "2013.10.19"]
[EventType "team-tourn"]
[EventRounds "11"]
[EventCountry "SVK"]
[SourceTitle "EXT 2015"]
[Source "ChessBase"]
[SourceDate "2014.11.20"]
[SourceVersion "1"]
[SourceVersionDate "2014.11.20"]
[SourceQuality "1"]
[WhiteTeam "Humenne II"]
[BlackTeam "Kosice Tahanovce"]
[WhiteTeamCountry "SVK"]
[BlackTeamCountry "SVK"]

1. Nf3 c5 2. e4 d6 3. d4 cxd4 4. Nxd4 Nf6 5. Nc3 g6 6. Be2 Bg7 7. Be3 0-0 8. f3 Nc6 9. Qd2 d5 10. exd5 Nxd5 11. Nxd5 Qxd5 12. Nxc6 Qxc6 13. c3 Bf5 14. 0-0 Rfd8 15. Qe1 b5 16. Rc1 a5 17. Qf2 Rab8 18. Rfd1 Qb7 19. Rxd8+ Rxd8 20. c4 Bxb2 21. cxb5 Bxc1 22. Bxc1 Qd5 23. b6 Bd3 24. Bd1 Bc4 25. Qe3 Qxd1+ 26. Kf2 Qd4 27. Qxd4 Rxd4 28. b7 Rd8 29. Bf4 Bxa2 30. b8Q Rxb8 31. Bxb8 a4 32. Ba7 Bb3 33. Bc5 e6 34. f4 f6 35. g4 Kf7 36. g5 fxg5 37. fxg5 e5 38. Ke3 Ke6 39. Ke4 Bc2+ 40. Ke3 Kf5 41. Be7 Bb1 42. Kf3 Be4+ 43. Ke3 Bd5 44. Ke2 Ke4 45. Bd6 Kd4 46. Kd2 Bc4 47. Be7 Bd3 48. Kc1 e4 49. Kd2 e3+ 50. Kc1 Kc3 51. Bf6+ Kb3 52. Bd4 e2 53. Kd2 a3 54. Ba1 a2 55. Bf6 Bc4 56. Be5 e1Q+ 57. Kxe1 Kc2 58. Kf2 Kb1 59. Ke3 a1Q 60. Bxa1 Kxa1 61. Kf4 Kb2 62. Ke5 Kc2 63. Kf6 Be2 64. Kg7 Kd3 65. Kxh7 Bh5 0-1

[Event "SVK-chT2D 0910"]
[Site "Slovakia"]
[Date "2010.01.09"]
[Round "6.57"]
[White "Ressler, Vladimir"]
[Black "Cehelsky, Cyril"]
[Result "1/2-1/2"]
[WhiteElo "1993"]
[BlackElo "1952"]
[PlyCount "49"]
[EventDate "2009.10.10"]
[EventType "team"]
[EventRounds "11"]
[EventCountry "SVK"]
[SourceTitle "EXT 2011"]
[Source "ChessBase"]
[SourceDate "2010.11.26"]
[SourceVersion "1"]
[SourceVersionDate "2010.11.26"]
[SourceQuality "1"]
[WhiteTeam "Michalovce Zemplin II"]
[BlackTeam "Humenne"]
[WhiteTeamCountry "SVK"]
[BlackTeamCountry "SVK"]

1. d4 d5 2. c4 c6 3. Nf3 Nf6 4. Nc3 a6 5. cxd5 cxd5 6. Bf4 e6 7. e3 Bd6 8. Bxd6 Qxd6 9. Bd3 0-0 10. Ne5 Nbd7 11. f4 b5 12. a3 Bb7 13. 0-0 Rac8 14. Rc1 Nb6 15. Rf3 g6 16. Rh3 Rc7 17. g4 Ne4 18. g5 f6 19. gxf6 Rxf6 20. Nxe4 dxe4 21. Ng4 Rf8 22. Bb1 Rxc1 23. Qxc1 Nd5 24. Ba2 Ne7 25. Qc5 1/2-1/2

[Event "Tatry op"]
[Site "Tatranske Zruby"]
[Date "2007.09.27"]
[Round "7"]
[White "Csiba, Dominik"]
[Black "Cehelsky, Cyril"]
[Result "1-0"]
[WhiteElo "2136"]
[BlackElo "1977"]
[PlyCount "61"]
[EventDate "2007.09.22"]
[EventType "swiss"]
[EventRounds "9"]
[EventCountry "SVK"]
[SourceTitle "CBM 120 Extra"]
[Source "ChessBase"]
[SourceDate "2007.11.01"]
[SourceVersion "1"]
[SourceVersionDate "2007.11.01"]
[SourceQuality "1"]

1. d4 Nf6 2. c4 g6 3. Nc3 Bg7 4. e4 d6 5. f4 c5 6. d5 0-0 7. Nf3 e6 8. Be2 exd5 9. cxd5 Re8 10. e5 dxe5 11. fxe5 Ng4 12. Bg5 Qb6 13. 0-0 Nxe5 14. Nxe5 Bxe5 15. Bc4 Qb4 16. Qf3 f5 17. Qd3 Kg7 18. Nb5 a6 19. Bd2 Qxb2 20. Rab1 axb5 21. Rxb2 bxc4 22. Qb1 c3 23. Rxb7+ Nd7 24. Bg5 Kh8 25. Re1 c2 26. Qb5 Bxb7 27. Qxb7 Bd4+ 28. Kf1 Rxe1+ 29. Kxe1 Re8+ 30. Kd2 Ne5 31. Bf6+ 1-0

[Event "Tatry op"]
[Site "Tatranske Zruby"]
[Date "2007.09.22"]
[Round "1"]
[White "Sikora, Jan"]
[Black "Cehelsky, Cyril"]
[Result "1-0"]
[WhiteElo "2252"]
[BlackElo "1919"]
[PlyCount "83"]
[EventDate "2007.09.22"]
[EventType "swiss"]
[EventRounds "9"]
[EventCountry "SVK"]
[SourceTitle "CBM 120 Extra"]
[Source "ChessBase"]
[SourceDate "2007.11.01"]
[SourceVersion "1"]
[SourceVersionDate "2007.11.01"]
[SourceQuality "1"]

1. e4 d6 2. Nc3 Nf6 3. d4 g6 4. f4 Bg7 5. Nf3 c5 6. dxc5 Qa5 7. Bd3 Qxc5 8. Qe2 0-0 9. Be3 Qb4 10. 0-0 Nc6 11. a3 Qa5 12. b4 Qh5 13. h3 a6 14. Rad1 b5 15. Qf2 Be6 16. Ne2 Bxh3 17. gxh3 Qxh3 18. Qg3 Qxg3+ 19. Nxg3 Ng4 20. Bc1 Nd4 21. Nxd4 Bxd4+ 22. Kg2 Rac8 23. Be2 Ne3+ 24. Bxe3 Bxe3 25. Rf3 Bb6 26. c4 bxc4 27. Rc3 a5 28. b5 Rc5 29. a4 Rfc8 30. Rdc1 d5 31. exd5 Rxd5 32. Rxc4 Rcd8 33. Re4 Bc5 34. Kf3 Kg7 35. Rec4 Bb6 36. Rc6 Rb8 37. Rd1 Rxd1 38. Bxd1 h5 39. Ne4 Bd4 40. Rc7 Re8 41. Bb3 f5 42. Nd6 1-0

[Event "SVK-chT2D 0607"]
[Site "Slovakia"]
[Date "2006.12.16"]
[Round "5.4"]
[White "Vavrek, Peter"]
[Black "Cehelsky, Cyril"]
[Result "1/2-1/2"]
[WhiteElo "1710"]
[BlackElo "2009"]
[PlyCount "111"]
[EventDate "2006.10.14"]
[EventType "team-tourn"]
[EventRounds "11"]
[EventCountry "SVK"]
[SourceTitle "EXT 2008"]
[Source "ChessBase"]
[SourceDate "2007.11.25"]
[SourceVersion "1"]
[SourceVersionDate "2007.11.25"]
[SourceQuality "1"]
[WhiteTeam "Michalovce Zemplin III"]
[BlackTeam "Humenne Reinter"]
[WhiteTeamCountry "SVK"]
[BlackTeamCountry "SVK"]

1. d4 Nf6 2. Nf3 d6 3. Nc3 g6 4. e3 Bg7 5. Be2 0-0 6. 0-0 c6 7. b4 Qc7 8. Ba3 Nbd7 9. Bb2 e5 10. b5 e4 11. Nd2 d5 12. Ba3 Re8 13. Nb3 Nf8 14. Na4 Ne6 15. Nac5 Nxc5 16. Bxc5 Nd7 17. Bb4 f5 18. Bd2 c5 19. c3 c4 20. Nc1 a6 21. Qa4 Nb6 22. Qb4 Bf8 23. Qb1 axb5 24. Qxb5 Bd7 25. Qb1 Ra3 26. Bd1 Rea8 27. Ne2 Bd6 28. g3 R3a5 29. Bc2 Rb5 30. Qd1 Rb2 31. a4 Nc8 32. Bc1 Rb6 33. Ba3 Rba6 34. Bxd6 Qxd6 35. h4 b5 36. Kg2 bxa4 37. Nf4 a3 38. Ra2 Rb8 39. Qa1 Rb3 40. Rb1 Rbb6 41. Rb4 Rxb4 42. cxb4 Qxb4 43. Nxd5 Qd6 44. Nc3 Ne7 45. Nb1 Be6 46. Rxa3 Rxa3 47. Nxa3 Qb4 48. Nb1 Nd5 49. Qa4 Qxa4 50. Bxa4 Kf7 51. Bc6 Nb4 52. Ba4 Ke7 53. Nc3 Bd7 54. Bd1 Kd6 55. Be2 Nd3 56. Kf1 1/2-1/2

[Event "SVK-chT2D 0607"]
[Site "Slovakia"]
[Date "2006.10.15"]
[Round "2.6"]
[White "Kusiak, Matej"]
[Black "Cehelsky, Cyril"]
[Result "1/2-1/2"]
[WhiteElo "1697"]
[BlackElo "2009"]
[PlyCount "64"]
[EventDate "2006.10.14"]
[EventType "team-tourn"]
[EventRounds "11"]
[EventCountry "SVK"]
[SourceTitle "EXT 2008"]
[Source "ChessBase"]
[SourceDate "2007.11.25"]
[SourceVersion "1"]
[SourceVersionDate "2007.11.25"]
[SourceQuality "1"]
[WhiteTeam "Kosice Akademik"]
[BlackTeam "Humenne Reinter"]
[WhiteTeamCountry "SVK"]
[BlackTeamCountry "SVK"]

1. e4 d6 2. d4 Nf6 3. Nc3 g6 4. Nf3 Bg7 5. Be2 0-0 6. 0-0 Nbd7 7. Be3 h6 8. Qd2 Kh7 9. Bd3 Ng4 10. Ne2 Nxe3 11. Qxe3 e5 12. dxe5 dxe5 13. Ng3 Qe7 14. a3 Nc5 15. b4 Nxd3 16. Qxd3 Rd8 17. Qb3 Bg4 18. Rad1 Rd7 19. Rxd7 Qxd7 20. Qd5 c6 21. Qxd7 Bxd7 22. Rd1 Be6 23. Nf1 Kg8 24. Ne3 Kf8 25. Kf1 Ke7 26. Ke2 a5 27. b5 Rd8 28. Rxd8 Kxd8 29. bxc6 bxc6 30. Kd3 Kc7 31. Nc4 Bxc4+ 32. Kxc4 Kd6 1/2-1/2

[Event "Tatry op"]
[Site "Tatranske Zruby"]
[Date "2006.09.27"]
[Round "6"]
[White "Mandak, Miroslav"]
[Black "Cehelsky, Cyril"]
[Result "1-0"]
[WhiteElo "2080"]
[BlackElo "2014"]
[PlyCount "53"]
[EventDate "2006.09.23"]
[EventType "swiss"]
[EventRounds "9"]
[EventCountry "SVK"]
[SourceTitle "CBM 114 Extra"]
[Source "ChessBase"]
[SourceDate "2006.11.03"]
[SourceVersion "1"]
[SourceVersionDate "2006.11.03"]
[SourceQuality "1"]

1. e4 d6 2. d4 Nf6 3. Nc3 g6 4. Bc4 Bg7 5. Bb3 0-0 6. Bg5 Nc6 7. a3 h6 8. Bh4 b6 9. f3 Ba6 10. Nge2 Na5 11. Ba2 c5 12. Bf2 cxd4 13. Bxd4 Rc8 14. 0-0 Nc6 15. Be3 Kh7 16. Qd2 Ne5 17. Qe1 Nc4 18. Bc1 Qc7 19. Qf2 e6 20. Rd1 Rfd8 21. Nf4 Nxa3 22. Bxe6 Nb5 23. Nxb5 Bxb5 24. Bxc8 Rxc8 25. c3 Bc4 26. Be3 g5 27. Ne2 1-0

[Event "SVK-chT2D 0506"]
[Site "Slovakia"]
[Date "2005.12.18"]
[Round "6.4"]
[White "Cehelsky, Cyril"]
[Black "Marcin, Marian"]
[Result "0-1"]
[WhiteElo "1995"]
[BlackElo "2016"]
[PlyCount "86"]
[EventDate "2005.10.22"]
[EventType "team-tourn"]
[EventRounds "11"]
[EventCountry "SVK"]
[SourceTitle "EXT 2009"]
[Source "ChessBase"]
[SourceDate "2008.11.26"]
[SourceVersion "1"]
[SourceVersionDate "2008.11.26"]
[SourceQuality "1"]

1. c4 Nf6 2. Nc3 c5 3. g3 g6 4. Bg2 Bg7 5. Nf3 0-0 6. 0-0 d5 7. cxd5 Nxd5 8. Qb3 e6 9. d3 Nc6 10. Bg5 Qd7 11. Rad1 Nxc3 12. bxc3 b6 13. d4 Qc7 14. Ne5 Na5 15. Qb5 Bb7 16. Bxb7 Nxb7 17. Nf3 Nd6 18. Qb1 c4 19. e4 Qb7 20. Nd2 Rfc8 21. e5 Ne8 22. Ne4 Rab8 23. Rfe1 Bf8 24. Qc1 b5 25. Qf4 a5 26. Bh6 Qe7 27. Bxf8 Qxf8 28. Nc5 Qe7 29. Ne4 b4 30. Nf6+ Kg7 31. d5 Nxf6 32. exf6+ Qxf6 33. Qd6 exd5 34. Qxd5 Qxc3 35. Re7 Qf6 36. Rde1 c3 37. g4 c2 38. g5 Qxe7 39. Rxe7 c1Q+ 40. Kg2 Qf4 41. Re4 Qf5 42. Qd4+ Kg8 43. h4 Rc3 0-1